000 00367nam a2200133Ia 4500
008 231221s9999 xx 000 0 und d
020 _a978-0-387-47658-2
041 _aEnglish
100 _aSergei Gorlatch, Marco Danelutto
245 0 _aIntegrated Research in GRID Computing
260 _c2007
_bSpringer US
_aNew York
650 _aComputer Science
942 _cEB
999 _c218189
_d218189